000 00545nam a2200217 a 4500
999 _c10208
_d10208
001 10208
003 BD-JhCC
005 20180421094555.0
008 180421s1982 n a|||| || | 000 0 eng d
035 _a(BD-JhCC)10208
040 _aBD-JhCC
_dBD-JhCC
041 _aeng
082 _a574
_bSMI 1892
100 _aSmith, David S.
245 _aThe Science of Biology /
_cDavid S. Smith,
260 _aNew York :
_bMcGraw-Hill Book Company,
_c1892
300 _a399 p. :
_c25 cm.
650 _aBiology
942 _2ddc
_cBK